Estudio y análisis de una filosofía para aumentar el índice de sensibilidad (cotch) y los ingresos económicos de una empresa de distribución eléctrica, aplicado a la Empresa de Servicios Públicos de Heredia S.A
Uloženo v:
| Hlavní autor: | |
|---|---|
| Další autoři: | |
| Médium: | Kniha |
| Vydáno: |
San José, C.R
2000
|
| Témata: | |
| Tagy: |
Přidat tag
Žádné tagy, Buďte první, kdo vytvoří štítek k tomuto záznamu!
|
MARC
| LEADER | 00000nam a2200000Ia 4500 | ||
|---|---|---|---|
| 003 | 008728 | ||
| 005 | 20221231144202.0 | ||
| 008 | 140114s2000 cr a m 000 ||s d | ||
| 040 | |c cru CEDI | ||
| 090 | |a TFG 4317 | ||
| 100 | |a Soto Montero,Mauricio |9 7786 | ||
| 245 | |a Estudio y análisis de una filosofía para aumentar el índice de sensibilidad (cotch) y los ingresos económicos de una empresa de distribución eléctrica, aplicado a la Empresa de Servicios Públicos de Heredia S.A | ||
| 260 | |c 2000 |a San José, C.R | ||
| 300 | |a vii, 64, [19] hojas : ilustraciones | ||
| 500 | |a Tesis (licenciatura en ingeniería eléctrica)--Universidad de Costa Rica. Facultad de Ingeniería. Escuela de Ingeniería Eléctrica, | ||
| 650 | |x DISTRIBUCION DE ENERGIA ELECTRICA |x ENERGIA ELECTRICA |x PRODUCCION |x DISTRIBUCION |9 7788 | ||
| 700 | |9 7787 |a Hidalgo Moreira, José Francisco | ||
| 942 | |c TFG | ||
| 999 | |c 18121 |d 18121 | ||
